| 000 | 00690nam a22001937a 4500 | ||
|---|---|---|---|
| 005 | 20100814161341.0 | ||
| 010 | _aENG-100480 | ||
| 020 |
_a9788188631639 _c500.00 |
||
| 035 | _aEN-84013 | ||
| 037 | _bDBAD/PUB | ||
| 082 | _a940.73 | ||
| 100 |
_aPrem Lal Singh, Er. _913626 |
||
| 245 |
_aWorld war & United Nations / _cby Er.Prem Lal Singh |
||
| 260 |
_aDelhi _bKunal Prakashan _c2010 |
||
| 270 |
_aL-45/46, Gali No.5 Shivaji Marg, Kartar Nagar _bDelhi _e110053 |
||
| 300 |
_a176p. _c22cm (Hb) |
||
| 942 |
_2ddc _cEN _h940.73 _mPRE |
||
| 999 |
_c42015 _d42015 |
||